000 00760nam a2200241Ia 4500
003 OSt
005 20220925233736.0
006 a|||||r|||| 00| 0
007 ta
008 220923b |||||||| |||| 00| 0 eng d
020 _a8170413567
_c850
037 _b5284, 19/03/2014, RAJKIRAN BOOK AGENCY
_cGeneral Book
040 _aRTL
_cRTL
_beng
041 _2eng
_aeng
082 _aX:97, P3
100 _aGHOSH Asit K.
_9299351
245 0 _aPersonnel management and industrial relations.
260 _a New Delhi
_bAnmol Publications
_c2003
300 _aviii,312p.
_ccm.
700 _a PREM KUMAR
_9299352
942 _hX:97, P3
_cGB
_2CC
999 _c594453
_d594453